| 000 | 00592nam a2200181Ia 4500 | ||
|---|---|---|---|
| 008 | 151018s9999 xx 000 0 und d | ||
| 082 |
_bRBASDV47749 _a891.431 |
||
| 100 | _aकृष्णकुमार चुग | ||
| 245 | _aपहला प्यार | ||
| 250 | _b1 | ||
| 260 |
_bकृष्णा प्रकाशन पुणे _c2007 |
||
| 300 | _a80 | ||
| 600 | _aकृष्णकुमार चुग | ||
| 630 | _aपहला प्यार | ||
| 700 | _aकृष्णकुमार चुग | ||
| 730 | _aपहला प्यार | ||
| 942 | _cBOOK | ||
| 999 |
_c1046881 _d1046878 |
||